000 01906cam a2200433Ki 4500
999 _c6003
_d6003
001 ocn561827159
003 TZ-ArACH
005 20200923200808.0
008 100318s1979 enk ob 001 0 eng d
020 _z0192159496
020 _z9780192159496
035 _a(OCoLC)561827159
040 _aOCLCE
_beng
_epn
_cTZ-ArACH
042 _adlr
043 _ae-uk---
049 _aTZAA
050 4 _aKD7285.A75
_bD48
050 4 _aKF8775
_b.D49 1979
100 1 _aDevlin, Patrick,
_cBaron,
_d1905-1992.
245 1 4 _aThe Judge /
_cPatrick Devlin.
260 _aOxford ;
_aNew York :
_bOxford University Press,
_c1979.
300 _axi, 207 pages
504 _aIncludes bibliographical references and index.
506 _3Use copy
_fRestrictions unspecified
_2star
_5MiAaHDL
533 _aElectronic reproduction.
_b[S.l.] :
_cHathiTrust Digital Library,
_d2010.
538 _aMaster and use copy. Digital master created according to Benchmark for Faithful Digital Reproductions of Monographs and Serials, Version 1. Digital Library Federation, December 2002.
_uhttp://purl.oclc.org/DLF/benchrepro0212
583 1 _adigitized
_c2010
_hHathiTrust Digital Library
_lcommitted to preserve
_2pda
_5MiAaHDL
650 0 _aJudges
_zGreat Britain.
650 0 _aJustice, Administration of
_zGreat Britain.
_9357
650 6 _aJuges
_zGrande-Bretagne.
650 6 _aJustice
_xAdministration
_zGrande-Bretagne.
_9360
650 7 _aJudges.
_2fast
650 7 _aJustice, Administration of.
_2fast
651 7 _aGreat Britain.
_2fast
776 0 8 _iPrint version:
_aDevlin, Patrick, Baron, 1905-1992.
_tJudge.
_dOxford ; New York : Oxford University Press, 1979
_w(DLC) 78041201
_w(OCoLC)4835002
856 4 0 _3Google
_uhttp://books.google.com/books?id=GPu7AAAAIAAJ
856 4 0 _3HathiTrust Digital Library, Limited view (search only)
_uhttp://catalog.hathitrust.org/api/volumes/oclc/4835002.html
942 _2lcc
_cBOOK